000 00484nam a22001817a 4500
003 LK-CoDNM
005 20250116114516.0
008 250116b |||||||| |||| 00| 0 eng d
040 _aLK-CoDNM
_dLK-CoDNM
_eLK-CoDNM
041 _aeng
080 _a9
_bE20
100 _aWhyte,Charle,Rev.
245 _aTheConstellationsAnd Theeir History
260 _aLondon
_bCharles Griffin And Company, LTD.,
_c1928
300 _axii, 284p. : ill ; 23 cm
650 _aScience
942 _cBK
999 _c236482
_d236482